Mutaciones. (Registro nro. 2340)

Detalles MARC
000 -LEADER
fixed length control field 00766nam a2200241 a 4500
008 - CAMPO DE CONTROL (LIBRO)
fixed length control field 170224e1995 ag ||||| |||| 00| 0 spa d
020 ## - INTERNATIONAL STANDARD BOOK NUMBER
ISBN 9507860800
041 ## - CODIGO DE IDIOMA
Código de idioma del texto/pista de sonido o título separado spa
092 ## - SIGNATURA TOPOGRAFICA DEWEY LOCAL
número de clasificación 100
libristica 66
sección PER
100 1# - ENTRADA PRINCIPAL--NOMBRE PERSONAL
Nombre personal Pérez Lindo, Augusto
9 (RLIN) 3167
245 ## - TITULO PROPIAMENTE DICHO
Título Mutaciones.
Subtítulo y Título paralelo Escenarios y filosofias del cambio de mundo /
Mención de responsabilidad y remanente de la transcripción de la portada Augusto Pérez Lindo
250 ## - MENCION DE EDICION
Mención de edición 1a ed.
260 ## - PIE DE IMPRENTA
Lugar de publicación, distribución, etc Buenos Aires:
Nombre de la editorial, distribuidor, etc Biblos;
Fecha de publicación 1995.
300 ## - DESCRIPCION FISICA
Extension 265 p.
500 ## - NOTA GENERAL
Nota general Pérez Lindo, A. (1995). Mutaciones. Escenarios y filosofías del cambio de mundo. (1a ed.). Buenos Aires : Biblos.
590 ## - NOTAS LOCALES (RLIN)
Nota local Donacion Dra. Dora Vera 2017
653 ## - TÉRMINO INDIZADO - PALABRAS CLAVES
Palabra clave Filosofia
653 ## - TÉRMINO INDIZADO - PALABRAS CLAVES
Palabra clave Contextos historicos
653 ## - TÉRMINO INDIZADO - PALABRAS CLAVES
Palabra clave Escenarios
653 ## - TÉRMINO INDIZADO - PALABRAS CLAVES
Palabra clave Homo mutantis
653 ## - TÉRMINO INDIZADO - PALABRAS CLAVES
Palabra clave Nuevo mundo
942 ## - ADDED ENTRY ELEMENTS (KOHA)
Source of classification or shelving scheme Dewey Decimal Classification
Item type Libros
Existencias
Estado de retiro Existencia Fuente de clasificación Estado general No para prestamo Ubicación permanente ubicación actual Sala de ubicación Fecha de adquisición Fuente de adquisición Total Checkouts Número de clasificación Código de barras Date last seen Número de ejemplar Price effective from Koha tipo de elemento (item) Public note Coded location qualifier
    Dewey Decimal Classification     Biblioteca Medicina Biblioteca Medicina Circulación 24/02/2017 Donacion   100 66 PER 3807 24/02/2017 Ej. 1 24/02/2017 Libros Donacion Dra. Dora Vera  

UNIVERSIDAD NACIONAL DEL COMAHUE
Biblioteca de la Facultad de Ciencias Médicas
Sede Toschi: Los Arrayanes y Av. Toschi, Cipolletti  - Rio Negro
Sede Los Tordos:  Yrigoyen al 2211, Cipolletti - Rio Negro 

Teléfono: 0299 - 4774707 int 25
Contacto: biblioteca@facimed.uncoma.edu.ar
© 2011 - 2026